Statistics for 1st letter of country = last letter of a neighboring country

Click here to take the quiz!

General Stats

  • This quiz has been taken 26 times
  • The average score is 16 of 20

Answer Stats

Answer% Correct
Niger
92%
Nigeria
92%
Nigeria
92%
Benin
88%
Benin
88%
Central African Republic
88%
Central African Republic
88%
Chad
88%
Cameroon
83%
Cameroon
83%
Germany
83%
Luxembourg
79%
United Arab Emirates
75%
Saudi Arabia
71%
Norway
67%
Sweden
67%
Israel
63%
Lebanon
63%
Eswatini
54%
Mozambique
54%

Score Distribution

Percentile by Number Answered

Percent of People with Each Score

Your Score History

You have not taken this quiz